000 01028nam a2200301 i 4500
003 EG-GICUC
005 20260301115914.0
008 260301s1906 fr ||||fr|||| 000 0 fre d
040 _aEG-GiCUC
_bfre
_cEG-GiCUC
_dEG-GiCUC
_eRda
041 0 _afre
082 0 4 _221
_a341.33
_bSC . T
092 0 4 _221
099 _aLaw1 11 341.33 SC . T 1906
100 1 _aScelle, Georges
_eAuteur
245 1 3 _aLa Traite Négrière :
_bAux Indes De Castille Contrats Et Traités D'assiento.
_nTome Premier /
_cGeorges Scelle.
264 1 _aParis :
_bLibrairie De La Société Du Recueil J.-b. Sirey & Du Journal Du Palats,
_c1906.
300 _a845 page :
_c 24 cm.
_billustration ;
336 _2rda contenu
_a texte
337 _2rda medias
_aOrdinateur
338 _2 transporteur rda
_a Ressource en ligne
504 _a
546 _aTexte en français
650 1 4 _aDroit international public
_2
651 1 _2
856 4 0 _uhttps://fll.law.cu.edu.eg/fulltext/bks/B11-08178.pdf
905 _a30
942 _2ddc
_cBK
_e21
_n0
999 _c64477
_d64477